[Event "XIII Festival"]
[Site "Varese ITA"]
[Date "2014.10.16"]
[Round "2"]
[White "Tomassoni, Leonardo"]
[Black "Angelini, Marco"]
[WhiteElo "1796"]
[BlackElo "2219"]
[Result "0-1"]
[PlyCount "96"]
[EventDate "2014.10.13"]

1. e4 c5 2. Nf3 d6 3. d4 cxd4 4. Nxd4 Nf6 5. Nc3 a6 6. Bc4 e6 7. a4 Nbd7 8. Bg5
Nc5 9. b4 Ncd7 10. Bb3 h6 11. Bd2 Qb6 12. Nf3 Qxb4 13. O-O Qc5 14. a5 Qc7 15.
Ba4 Be7 16. Qe2 O-O 17. Bb3 Nc5 18. Ba2 Bd7 19. Nd4 Bc6 20. e5 dxe5 21. Nxc6
bxc6 22. Bc4 Nd5 23. Ne4 Nxe4 24. Qxe4 f5 25. Qe2 e4 26. Bxa6 Bd6 27. h3 Rf6
28. Bc4 Bf4 29. Bxd5 exd5 30. a6 Be5 31. Ra2 c5 32. Rb1 c4 33. Rb7 Qc6 34. f4
Bd4+ 35. Kh2 Rxa6 36. Rxa6 Qxa6 37. Rb8+ Kh7 38. c3 Bc5 39. Qd1 Qa2 40. Bc1 Qa1
41. Qc2 d4 42. Bb2 d3 43. Qc1 Qxc1 44. Bxc1 e3 45. Rd8 Re6 46. Rd5 Ba3 47. Bxe3
Rxe3 48. Rxf5 d2 0-1

[Event "XIII Festival"]
[Site "Varese ITA"]
[Date "2014.10.15"]
[Round "3"]
[White "Angelini, Marco"]
[Black "Rodolfo Masera, Giovanni Luca"]
[WhiteElo "2219"]
[BlackElo "1919"]
[Result "1-0"]
[PlyCount "93"]
[EventDate "2014.10.13"]

1. c4 Nf6 2. g3 g6 3. Bg2 Bg7 4. Nc3 c5 5. Nf3 O-O 6. O-O Nc6 7. d4 d6 8. d5
Nb4 9. h3 e6 10. e4 exd5 11. cxd5 Nd7 12. Bf4 Qe7 13. Re1 f6 14. Rb1 b6 15. a3
Na6 16. Nb5 Ne5 17. Nxe5 fxe5 18. Be3 Nc7 19. Nxc7 Qxc7 20. Qd2 Bd7 21. Rbc1 b5
22. b3 a6 23. Rf1 Rac8 24. f4 Rf7 25. fxe5 Bxe5 26. Rxf7 Kxf7 27. Rf1+ Kg8 28.
Qf2 Bg7 29. Qf7+ Kh8 30. Bf4 c4 31. bxc4 bxc4 32. Qe7 Bb5 33. Qxc7 Rxc7 34.
Bxd6 Bd4+ 35. Kh2 Rc8 36. a4 Bxa4 37. e5 c3 38. e6 c2 39. Ba3 Be3 40. d6 c1=Q
41. Bxc1 Rxc1 42. d7 Bb6 43. Rxc1 Kg7 44. Rc8 Kf6 45. d8=Q+ Bxd8 46. Rxd8 Kxe6
47. Bf1 1-0

[Event "XIII Festival"]
[Site "Varese ITA"]
[Date "2014.10.15"]
[Round "3"]
[White "Cova, Ennio"]
[Black "Tomassoni, Leonardo"]
[WhiteElo "1635"]
[BlackElo "1796"]
[Result "0-1"]
[PlyCount "56"]
[EventDate "2014.10.13"]

1. e4 c5 2. Nf3 d6 3. d4 cxd4 4. Nxd4 Nf6 5. Nc3 a6 6. Bg5 e5 7. Nb3 Be7 8. Qd2
Nbd7 9. O-O-O O-O 10. f3 b5 11. Kb1 Bb7 12. g4 b4 13. Bxf6 Nxf6 14. Nd5 Nxd5
15. exd5 a5 16. Bd3 Bg5 17. Qe2 a4 18. Nc1 g6 19. Qe4 Qa5 20. Be2 Rac8 21. h4
Bf4 22. h5 Rc5 23. hxg6 fxg6 24. Bc4 Bxc1 25. Kxc1 Rf4 26. Qe2 Rfxc4 27. Rd2 b3
28. axb3 axb3 0-1

[Event "XIII Festival"]
[Site "Varese ITA"]
[Date "2014.10.15"]
[Round "3"]
[White "D'Aulisa, Francesco"]
[Black "Lipari, Alberto"]
[WhiteElo "1733"]
[BlackElo "1527"]
[Result "1-0"]
[PlyCount "75"]
[EventDate "2014.10.13"]

1. e4 g6 2. d4 Bg7 3. Nf3 d6 4. Be3 c5 5. Bb5+ Bd7 6. Qe2 Qb6 7. Nc3 a6 8.
Bxd7+ Nxd7 9. Nd5 Qxb2 10. O-O O-O-O 11. Rfb1 Qa3 12. Rb3 Qa4 13. Rab1 b5 14.
dxc5 Qxe4 15. Nb6+ Kb7 16. Ng5 Qf5 17. g4 Qf6 18. Nd5 Qe5 19. Qf3 Nxc5 20.
Nxe7+ d5 21. Nxf7 Qxe7 22. Nxd8+ Qxd8 23. Bxc5 Bf6 24. a4 Kc6 25. Ba3 Qa5 26.
axb5+ axb5 27. Bb4 Qc7 28. Bc3 Qe7 29. Bxf6 Nxf6 30. Rxb5 Ne4 31. Rb6+ Kc5 32.
R1b5+ Kd4 33. Qd3+ Ke5 34. Rxd5+ Kf4 35. Qe3+ Kxg4 36. h3+ Kh4 37. Qf4+ Kxh3
38. Rd3+ 1-0

[Event "XIII Festival"]
[Site "Varese ITA"]
[Date "2014.10.11"]
[Round "3"]
[White "Maroni, Luca"]
[Black "Montilli, Vincenzo"]
[WhiteElo "1802"]
[BlackElo "2122"]
[Result "1-0"]
[PlyCount "103"]
[EventDate "2014.10.13"]

1. Nf3 Nf6 2. b3 e6 3. Bb2 Be7 4. e3 O-O 5. c4 b6 6. Be2 Bb7 7. O-O d6 8. d4
Ne4 9. Nbd2 Nxd2 10. Nxd2 Nd7 11. Bf3 Bxf3 12. Qxf3 Re8 13. Rac1 a5 14. Rfe1
Bf8 15. Ne4 a4 16. Nc3 a3 17. Ba1 Nf6 18. Nb5 Qd7 19. d5 e5 20. e4 Be7 21. Bc3
Ra6 22. Rc2 g6 23. Bb4 Rea8 24. h3 Nh5 25. Bd2 Kg7 26. g4 Nf6 27. Qe3 h5 28. g5
Nh7 29. h4 f6 30. Qg3 fxg5 31. hxg5 Qd8 32. f4 exf4 33. Bxf4 Bxg5 34. Rg2 Kh6
35. Bxg5+ Qxg5 36. Nxc7 Qxg3 37. Rxg3 R6a7 38. Nxa8 Rxa8 39. Rge3 Re8 40. e5
dxe5 41. Rxe5 Rf8 42. R1e2 Ng5 43. Kg2 Rf4 44. d6 Rg4+ 45. Kf2 Rf4+ 46. Ke3 Rf8
47. d7 Rd8 48. Rd2 h4 49. Re8 Nf7 50. Rxd8 Nxd8 51. Kf4 Kh5 52. Rd5+ 1-0

[Event "XIII Festival"]
[Site "Varese ITA"]
[Date "2014.10.15"]
[Round "3"]
[White "Nipote, Mario"]
[Black "Nai, Giovanni"]
[WhiteElo "1523"]
[BlackElo "1826"]
[Result "0-1"]
[PlyCount "66"]
[EventDate "2014.10.13"]

1. Nf3 d5 2. d4 c5 3. e3 Nc6 4. c4 cxd4 5. exd4 Bg4 6. Nc3 e6 7. cxd5 exd5 8.
Bb5 Nf6 9. O-O Be7 10. Qd3 O-O 11. Bxc6 bxc6 12. Ne5 Qc7 13. Bf4 Bd6 14. Rac1
Bxe5 15. Bxe5 Qd8 16. Rfe1 Bh5 17. h3 Bg6 18. Qe3 Nd7 19. Bh2 Re8 20. Qxe8+
Qxe8 21. Rxe8+ Rxe8 22. Bg3 Nf8 23. Na4 Bd3 24. Nc5 Bf5 25. Na4 Ne6 26. Rd1 Bc2
27. Nc3 Bxd1 28. Nxd1 Nxd4 29. Kh2 Re2 30. Bb8 a6 31. Ba7 Rd2 32. Ne3 Nb5 33.
Bc5 Rxb2 0-1

[Event "XIII Festival"]
[Site "Varese ITA"]
[Date "2014.10.15"]
[Round "4"]
[White "Centofante, Maria Rosa"]
[Black "Schingaro, Angelo"]
[WhiteElo "1543"]
[BlackElo "1721"]
[Result "0-1"]
[PlyCount "72"]
[EventDate "2014.10.13"]

1. d4 d5 2. Nf3 Nf6 3. c4 e6 4. Nc3 c6 5. Bg5 Be7 6. e3 Nbd7 7. cxd5 exd5 8.
Bd3 O-O 9. O-O Re8 10. Qc2 Ne4 11. Bxe7 Qxe7 12. a3 Ndf6 13. Ne5 Bd7 14. b4
Nxc3 15. Qxc3 Rac8 16. Rfe1 Ng4 17. Nxd7 Qxd7 18. e4 dxe4 19. Bxe4 Nf6 20. Qd3
Nxe4 21. Rxe4 Rxe4 22. Qxe4 Re8 23. Qd3 Re6 24. Rc1 Rd6 25. Rd1 Rd5 26. Qe3 g6
27. Rd3 b6 28. h3 c5 29. bxc5 bxc5 30. Rb3 cxd4 31. Qd3 Kg7 32. Rb4 Qd6 33. Rb7
Rc5 34. g3 Rc1+ 35. Kg2 Qd5+ 36. Qf3 Rg1+ 0-1

[Event "XIII Festival"]
[Site "Varese ITA"]
[Date "2014.10.13"]
[Round "4"]
[White "Maroni, Luca"]
[Black "Angelini, Marco"]
[WhiteElo "1802"]
[BlackElo "2219"]
[Result "1/2-1/2"]
[PlyCount "87"]
[EventDate "2014.10.13"]

1. Nf3 c5 2. e4 d6 3. c3 Nf6 4. Be2 Bg4 5. e5 dxe5 6. Nxe5 Bxe2 7. Qxe2 Nbd7 8.
O-O e6 9. Nxd7 Qxd7 10. Rd1 Qc6 11. d3 Be7 12. Bg5 O-O 13. Nd2 Rad8 14. Nf3 Qa6
15. Rd2 Rd5 16. a3 Rfd8 17. c4 Rf5 18. h3 h6 19. Bh4 g5 20. Bg3 Nh5 21. Bc7 Nf4
22. Qe4 Rd7 23. Be5 Qc6 24. Qxc6 bxc6 25. g4 Nxh3+ 26. Kg2 Nf4+ 27. Kf1 Rf6 28.
Rb1 h5 29. Bxf6 Bxf6 30. gxh5 a5 31. Ne1 Kg7 32. Rdd1 Rb7 33. b3 Rb8 34. Nf3
Rh8 35. d4 cxd4 36. Rxd4 Rxh5 37. Rdd1 g4 38. Ng1 Rc5 39. Ne2 Nh3 40. Ng3 Ng5
41. Nh5+ Kg6 42. Nxf6 Kxf6 43. Rd4 Nf3 44. Rdd1 1/2-1/2

[Event "XIII Festival"]
[Site "Varese ITA"]
[Date "2014.10.15"]
[Round "4"]
[White "Montilli, Vincenzo"]
[Black "Tomassoni, Leonardo"]
[WhiteElo "2122"]
[BlackElo "1796"]
[Result "1-0"]
[PlyCount "57"]
[EventDate "2014.10.13"]

1. Nf3 Nf6 2. c4 c5 3. g3 Nc6 4. Bg2 g6 5. O-O Bg7 6. Nc3 d6 7. d4 cxd4 8. Nxd4
Nxd4 9. Qxd4 O-O 10. Rd1 Qa5 11. Qh4 Qb4 12. Nb5 Bg4 13. Bxb7 Rab8 14. Bf3 Qxc4
15. Nxa7 Qa4 16. Be3 Rxb2 17. Nc6 e5 18. Rxd6 Rxa2 19. Rxa2 Qxa2 20. Bxg4 Qb1+
21. Kg2 Qe4+ 22. Bf3 Qxh4 23. gxh4 e4 24. Bd4 exf3+ 25. Kxf3 Nh5 26. Rd7 Nf6
27. Ra7 h5 28. e3 Rc8 29. Ne7+ 1-0

[Event "XIII Festival"]
[Site "Varese ITA"]
[Date "2014.10.15"]
[Round "4"]
[White "Nai, Giovanni"]
[Black "Colusso, Ermes"]
[WhiteElo "1826"]
[BlackElo "1751"]
[Result "1-0"]
[PlyCount "63"]
[EventDate "2014.10.13"]

1. e4 c5 2. Nf3 d6 3. d4 cxd4 4. Nxd4 Nf6 5. Nc3 g6 6. Be3 Bg7 7. Qd2 Nc6 8. f3
O-O 9. O-O-O Bd7 10. h4 h5 11. Be2 Rb8 12. g4 Nxd4 13. Bxd4 b5 14. gxh5 Nxh5
15. Bxg7 Kxg7 16. Rdg1 Kh7 17. f4 Rg8 18. Bxh5 gxh5 19. Rg5 Bg4 20. Rxb5 Qe8
21. e5 dxe5 22. Rxe5 f6 23. Re3 Rd8 24. Rd3 Rxd3 25. Qxd3+ Qg6 26. Qxg6+ Kxg6
27. Nd5 Rg7 28. Ne3 e6 29. Rh2 f5 30. Rd2 Kf6 31. c4 Re7 32. b4 1-0

[Event "XIII Festival"]
[Site "Varese ITA"]
[Date "2014.10.15"]
[Round "4"]
[White "Rodolfo Masera, Giovanni Luca"]
[Black "D'Aulisa, Francesco"]
[WhiteElo "1919"]
[BlackElo "1733"]
[Result "1-0"]
[PlyCount "65"]
[EventDate "2014.10.13"]

1. d4 e6 2. c4 d6 3. e4 Nd7 4. Nf3 h6 5. Bd3 Ne7 6. O-O b6 7. Nc3 Bb7 8. Re1 g5
9. Be3 Rg8 10. Qe2 Ng6 11. e5 g4 12. Nd2 dxe5 13. Bxg6 Rxg6 14. d5 f5 15. dxe6
Rxe6 16. Rad1 Bd6 17. c5 Nxc5 18. Bxc5 Bxc5 19. Nc4 Qf6 20. Nxe5 Rd8 21. Nxg4
Bxf2+ 22. Qxf2 Qg6 23. Rxe6+ Qxe6 24. Re1 Be4 25. Nxe4 fxe4 26. Rf1 Rd6 27.
Qf8+ Kd7 28. Qg7+ Kc6 29. Rc1+ Kb5 30. Qxc7 Rc6 31. a4+ Ka6 32. Qxc6 Qxg4 33.
Qc8+ 1-0

[Event "XIII Festival"]
[Site "Varese ITA"]
[Date "2014.10.13"]
[Round "5"]
[White "Angelini, Marco"]
[Black "Montilli, Vincenzo"]
[WhiteElo "2219"]
[BlackElo "2122"]
[Result "1/2-1/2"]
[PlyCount "35"]
[EventDate "2014.10.13"]

1. e4 c5 2. Nf3 d6 3. d4 cxd4 4. Nxd4 Nf6 5. Nc3 a6 6. f3 b5 7. Be3 Bb7 8. Qd2
Nbd7 9. g4 Nb6 10. g5 Nfd7 11. h4 e6 12. O-O-O Rc8 13. Bd3 Be7 14. Qf2 Rxc3 15.
bxc3 Qc7 16. Ne2 O-O 17. h5 Rc8 18. g6 1/2-1/2

[Event "XIII Festival"]
[Site "Varese ITA"]
[Date "2014.10.13"]
[Round "5"]
[White "Colusso, Ermes"]
[Black "Ronconi, Fausto"]
[WhiteElo "1751"]
[BlackElo "1689"]
[Result "1-0"]
[PlyCount "69"]
[EventDate "2014.10.13"]

1. e4 e6 2. d4 d5 3. Nd2 dxe4 4. Nxe4 Nd7 5. Nf3 Ngf6 6. Nxf6+ Nxf6 7. Bd3 Be7
8. O-O O-O 9. c3 c5 10. Bf4 b6 11. Qe2 Bb7 12. Rfd1 cxd4 13. Nxd4 Qd5 14. f3
Bc5 15. Kh1 Rfe8 16. Nb5 e5 17. Bxh7+ Kxh7 18. Rxd5 exf4 19. Qc2+ Kg8 20. Rdd1
Ba6 21. Nc7 Re2 22. Rd2 Rxd2 23. Qxd2 Be3 24. Qd6 Ne8 25. Nxe8 Rxe8 26. Qd7 Re6
27. Rd1 Be2 28. Qc8+ Kh7 29. Rd8 Bf2 30. Rd2 Bc4 31. g3 fxg3 32. hxg3 Rh6+ 33.
Kg2 Be6 34. Qd8 Be3 35. Qd3+ 1-0

[Event "XIII Festival"]
[Site "Varese ITA"]
[Date "2014.10.13"]
[Round "5"]
[White "Cova, Ennio"]
[Black "Mazzoccoli, Simone"]
[WhiteElo "1635"]
[BlackElo "1787"]
[Result "0-1"]
[PlyCount "106"]
[EventDate "2014.10.13"]

1. Nf3 Nf6 2. g3 g6 3. Bg2 Bg7 4. c4 d6 5. Nc3 O-O 6. O-O Nbd7 7. d4 e5 8. e3
Re8 9. Re1 c6 10. b4 d5 11. Nd2 e4 12. Bb2 a5 13. a3 Nf8 14. Qb3 Be6 15. cxd5
cxd5 16. Rec1 axb4 17. axb4 Qd7 18. Bf1 Rxa1 19. Rxa1 Rc8 20. Ra3 b6 21. Ra1
Bg4 22. Qa4 Qxa4 23. Rxa4 N8d7 24. h3 Be6 25. Kh2 Bf8 26. Bb5 Bd6 27. Kg2 Kg7
28. g4 h6 29. Ndb1 Ne8 30. Nxe4 dxe4 31. d5+ Ne5 32. dxe6 fxe6 33. Bd7 Rd8 34.
Bxe6 Kf8 35. Bd4 b5 36. Ra5 Rb8 37. Bc5 Bxc5 38. bxc5 Nc7 39. Bb3 Nd3 40. Ra7
Rc8 41. c6 Nb4 42. Nc3 Nxc6 43. Ra1 Re8 44. Rd1 b4 45. Ba4 bxc3 46. Bxc6 Re5
47. Rc1 Rc5 48. Bxe4 g5 49. Kf3 Na6 50. Ke2 Nb4 51. Bd3 Na2 52. Ra1 c2 53. Kd2
c1=Q+ 0-1

[Event "XIII Festival"]
[Site "Varese ITA"]
[Date "2014.10.13"]
[Round "5"]
[White "Rodolfo Masera, Giovanni Luca"]
[Black "Maroni, Luca"]
[WhiteElo "1919"]
[BlackElo "1802"]
[Result "1/2-1/2"]
[PlyCount "38"]
[EventDate "2014.10.13"]

1. d4 e6 2. c4 Bb4+ 3. Bd2 Bxd2+ 4. Nxd2 Nf6 5. g3 O-O 6. Bg2 d5 7. Ngf3 Nbd7
8. Qc2 c6 9. O-O Nb6 10. Rac1 Re8 11. Rfd1 h6 12. Ne5 Nbd7 13. e4 Qb6 14. cxd5
exd5 15. Nxd7 Bxd7 16. e5 Nh7 17. Nf3 Bg4 18. h3 Bxf3 19. Bxf3 Ng5 1/2-1/2

[Event "XXI Autunno Scacchitico Veneziano Magistrale"]
[Site "Venezia ITA"]
[Date "2014.10.31"]
[Round "1"]
[White "Barp, Alberto"]
[Black "Zamengo, Bruno"]
[WhiteElo "2183"]
[BlackElo "2001"]
[Result "1-0"]
[PlyCount "135"]
[EventDate "2014.10.31"]

1. d4 Nf6 2. Bg5 c5 3. Nc3 cxd4 4. Qxd4 Nc6 5. Qh4 d6 6. e4 Be6 7. O-O-O Qa5 8.
Kb1 Nxe4 9. Qxe4 Qxg5 10. Bb5 Qc5 11. Nf3 a6 12. Ba4 Bf5 13. Qe2 e6 14. Rd5 Qb4
15. Rxf5 g6 16. a3 Qb6 17. Nd5 Qd8 18. Nf6+ Ke7 19. Nd5+ Ke8 20. Rf4 Bh6 21.
Rg4 Kf8 22. Nc3 Bg7 23. Qd3 b5 24. Bb3 b4 25. axb4 Rb8 26. Rd1 d5 27. Qxa6 Rb6
28. Qa3 Kg8 29. b5 Bf8 30. Qa4 Ne7 31. Ne5 h5 32. Rf4 Nf5 33. Nc6 Qc7 34. Rf3
Bg7 35. Qa7 Rb7 36. Qa5 Qc8 37. Qd8+ Qxd8 38. Nxd8 Rb6 39. Nc6 d4 40. Ne2 Rxb5
41. Ncxd4 Re5 42. Nxf5 gxf5 43. Rd8+ Kh7 44. Rxh8+ Kxh8 45. Re3 Ra5 46. f4 Bf6
47. Rh3 h4 48. Ng1 Kg7 49. Nf3 Rb5 50. Nxh4 Rb4 51. g3 Re4 52. Nf3 Re3 53. Ng5
Bxg5 54. fxg5 f4 55. Rh4 fxg3 56. hxg3 Rxg3 57. Re4 Rxg5 58. Bxe6 f6 59. c4 Kf8
60. Kc2 Ke7 61. Bd5+ Kd7 62. Kc3 Kc7 63. Re7+ Kd8 64. Rf7 Rf5 65. b4 Rf3+ 66.
Kd4 f5 67. Ke5 f4 68. Rxf4 1-0

[Event "XXI Autunno Scacchitico Veneziano Magistrale"]
[Site "Venezia ITA"]
[Date "2014.10.31"]
[Round "1"]
[White "Basso, Pier Luigi"]
[Black "Seresin, Francesco"]
[WhiteElo "2312"]
[BlackElo "2091"]
[Result "1-0"]
[PlyCount "69"]
[EventDate "2014.10.31"]

1. c4 f5 2. g3 Nf6 3. d4 d6 4. Bg2 g6 5. Nc3 Bg7 6. Nf3 O-O 7. d5 a5 8. O-O Na6
9. Be3 Bd7 10. Rb1 c6 11. a3 Rc8 12. b4 axb4 13. axb4 Ng4 14. Bd4 Ne5 15. Bxe5
dxe5 16. e4 Nc7 17. dxc6 bxc6 18. Na4 Ne6 19. Nb6 Rc7 20. Ra1 Rb7 21. c5 Nd4
22. Nxd4 exd4 23. exf5 Bxf5 24. Bxc6 Rxb6 25. cxb6 Qxb6 26. b5 Bh3 27. Qb3+ Kh8
28. Bg2 Bd7 29. Rab1 Rf5 30. Bd5 h5 31. h4 g5 32. hxg5 Rxg5 33. Ra1 h4 34. Ra8+
Kh7 35. Bg8+ 1-0

[Event "XXI Autunno Scacchitico Veneziano Magistrale"]
[Site "Venezia ITA"]
[Date "2014.10.31"]
[Round "1"]
[White "Benetti, Lorenzo"]
[Black "Bianchi, Andrea"]
[WhiteElo "1968"]
[BlackElo "2147"]
[Result "1/2-1/2"]
[PlyCount "63"]
[EventDate "2014.10.31"]

1. d4 d5 2. c4 e6 3. Nc3 Be7 4. Nf3 Nf6 5. cxd5 exd5 6. Bg5 c6 7. e3 Bf5 8. Bd3
Bxd3 9. Qxd3 O-O 10. O-O Nbd7 11. Nd2 Re8 12. Rfe1 h6 13. Bh4 Ne4 14. Bxe7 Qxe7
15. Rad1 f5 16. Nb3 Qh4 17. Re2 Re6 18. f3 Nxc3 19. bxc3 Qh5 20. c4 b6 21. Rc1
Nf6 22. Rce1 Rae8 23. a4 R8e7 24. c5 Qe8 25. cxb6 axb6 26. a5 f4 27. axb6 Rxe3
28. Rxe3 fxe3 29. Nc5 e2 30. Kf2 Qb8 31. b7 Nd7 32. Nxd7 1/2-1/2

[Event "XXI Autunno Scacchitico Veneziano Magistrale"]
[Site "Venezia ITA"]
[Date "2014.10.31"]
[Round "1"]
[White "Capaliku, Aleks"]
[Black "Dappiano, Andrea"]
[WhiteElo "2029"]
[BlackElo "2211"]
[Result "1-0"]
[PlyCount "71"]
[EventDate "2014.10.31"]

1. f4 d5 2. b3 c5 3. Nf3 Nc6 4. e3 Nf6 5. Bb5 Bg4 6. Bxc6+ bxc6 7. O-O e6 8. d3
Bd6 9. Qe1 Qc7 10. Bb2 Bxf3 11. Rxf3 O-O-O 12. Nd2 Rhg8 13. Rh3 e5 14. f5 Qd7
15. e4 Bc7 16. Nf3 d4 17. Nd2 Ba5 18. Qe2 Bxd2 19. Qxd2 g6 20. Rf1 Ng4 21. Qa5
gxf5 22. Rxf5 Ne3 23. Rxe3 dxe3 24. Bxe5 e2 25. Qa6+ Qb7 26. Qxb7+ Kxb7 27. Bc3
Rd7 28. Kf2 Kb6 29. g3 a5 30. a4 Re8 31. Kxe2 Ree7 32. Bd2 Rd5 33. Rf6 Rde5 34.
Bf4 R5e6 35. Rf5 f6 36. Be3 1-0

[Event "XXI Autunno Scacchitico Veneziano Magistrale"]
[Site "Venezia ITA"]
[Date "2014.10.31"]
[Round "1"]
[White "Faccia, Sergio"]
[Black "Zamengo, Fulvio"]
[WhiteElo "1998"]
[BlackElo "2163"]
[Result "1/2-1/2"]
[PlyCount "146"]
[EventDate "2014.10.31"]

1. e4 c5 2. b4 cxb4 3. Bb2 d5 4. exd5 Nf6 5. Bb5+ Bd7 6. Bc4 Bf5 7. Nf3 Be4 8.
Bb5+ Nbd7 9. d6 e6 10. a3 a6 11. Bxd7+ Qxd7 12. d3 Bd5 13. axb4 Bxd6 14. c3 O-O
15. O-O b5 16. Nbd2 Qb7 17. Qe2 Bf4 18. g3 Bh6 19. c4 bxc4 20. dxc4 Bc6 21.
Rab1 Ne4 22. Rfe1 Nxd2 23. Nxd2 Qxb4 24. Ne4 Qe7 25. Ra1 Rfd8 26. Qh5 f5 27.
Nf6+ Kh8 28. Qxh6 gxh6 29. Nd5+ Qg7 30. Bxg7+ Kxg7 31. Rxe6 Bxd5 32. cxd5 a5
33. d6 Ra6 34. Re5 a4 35. Rd5 Kf6 36. Rd4 Rdxd6 37. Rxd6+ Rxd6 38. Rxa4 Rd7 39.
Ra6+ Kg5 40. h4+ Kg4 41. Kg2 f4 42. f3+ Kf5 43. Ra5+ Kg6 44. gxf4 Rd6 45. Kg3
Kf6 46. Kg4 Rb6 47. Ra7 Rb1 48. Rxh7 Kg6 49. Rh8 Rg1+ 50. Kh3 Kh5 51. Re8 Rh1+
52. Kg3 Rg1+ 53. Kh2 Rf1 54. Kg2 Rb1 55. Re6 Rg1+ 56. Kh2 Rb1 57. Kg2 Ra1 58.
f5 Kxh4 59. Rxh6+ Kg5 60. Rb6 Kxf5 61. Rb5+ Kf4 62. Rb4+ Kf5 63. Kg3 Rg1+ 64.
Kf2 Ra1 65. Rc4 Rb1 66. Ke3 Re1+ 67. Kf2 Ra1 68. Rc8 Rb1 69. Rf8+ Ke5 70. f4+
Ke4 71. f5 Kf4 72. Ke2 Ke4 73. Kd2 Rb3 1/2-1/2

[Event "XXI Autunno Scacchitico Veneziano Magistrale"]
[Site "Venezia ITA"]
[Date "2014.10.31"]
[Round "1"]
[White "Gallo, Enrico"]
[Black "Seletsky, Grigory"]
[WhiteElo "2105"]
[BlackElo "2358"]
[Result "1/2-1/2"]
[PlyCount "85"]
[EventDate "2014.10.31"]

1. e4 c5 2. Nf3 d6 3. d4 cxd4 4. Nxd4 Nf6 5. Nc3 a6 6. Bg5 e5 7. Nb3 Be7 8. Be2
b5 9. O-O Bb7 10. f4 Nbd7 11. Bf3 h6 12. Bxf6 Qb6+ 13. Kh1 Nxf6 14. fxe5 dxe5
15. Nd5 Nxd5 16. exd5 O-O 17. Qe1 Rac8 18. Rd1 Rxc2 19. Qxe5 Bf6 20. Qf5 Rf2
21. Rxf2 Qxf2 22. Nd2 Bc8 23. Qd3 Rd8 24. d6 Be5 25. Ne4 Qxb2 26. Qd5 Be6 27.
Qc6 Qxa2 28. Qb6 Rd7 29. Nc5 Rxd6 30. Rxd6 Bxd6 31. Qxd6 Bc4 32. h4 a5 33. h5
Qa1+ 34. Kh2 Qf6 35. Qb8+ Kh7 36. Be4+ g6 37. hxg6+ fxg6 38. Qc7+ Kg8 39. Qc8+
Kg7 40. Qd7+ Qf7 41. Qd4+ Qf6 42. Qd7+ Kg8 43. Qc8+ 1/2-1/2

[Event "XXI Autunno Scacchitico Veneziano Magistrale"]
[Site "Venezia ITA"]
[Date "2014.10.31"]
[Round "1"]
[White "Gromovs, Sergejs"]
[Black "Pitzanti, Matteo"]
[WhiteElo "2243"]
[BlackElo "2043"]
[Result "1-0"]
[PlyCount "93"]
[EventDate "2014.10.31"]

1. d4 d5 2. c4 dxc4 3. Nf3 Nf6 4. e3 a6 5. Bxc4 b5 6. Be2 Bb7 7. a4 b4 8. a5 e6
9. Nbd2 Be7 10. Qa4+ Nfd7 11. O-O O-O 12. Nc4 c5 13. Bd2 Nc6 14. Rfd1 Rb8 15.
Be1 cxd4 16. exd4 Nf6 17. Nb6 Nd5 18. Nxd5 Qxd5 19. b3 Rfc8 20. Bc4 Qh5 21. d5
exd5 22. Rxd5 Qg6 23. Rad1 Bf6 24. Bd3 Qg4 25. Bf5 Qf4 26. Bxc8 Rxc8 27. Rd7
Ba8 28. Qa2 g6 29. Qe2 Ne5 30. Nxe5 Bxe5 31. Rd8+ Rxd8 32. Rxd8+ Kg7 33. g3 Qe4
34. Qxe4 Bxe4 35. Bxb4 Bc2 36. Bf8+ Kf6 37. b4 Ba4 38. Bd6 Bc3 39. Bc5 Ke5 40.
f3 Bb5 41. Kf2 h5 42. Ke3 Kf5 43. Rd5+ Ke6 44. Rd6+ Kf5 45. Rb6 Bc4 46. Bd4 Be1
47. Rf6+ 1-0

[Event "XXI Autunno Scacchitico Veneziano Magistrale"]
[Site "Venezia ITA"]
[Date "2014.10.31"]
[Round "1"]
[White "Mrdja, Milan"]
[Black "Fezza, Davide"]
[WhiteElo "2386"]
[BlackElo "2106"]
[Result "1-0"]
[PlyCount "63"]
[EventDate "2014.10.31"]

1. e4 c5 2. Nf3 e6 3. c4 Nc6 4. d4 cxd4 5. Nxd4 Nf6 6. Nc3 d6 7. Be3 a6 8. Be2
Bd7 9. O-O Qc7 10. Re1 Nxd4 11. Qxd4 Rc8 12. Rac1 Be7 13. f4 Qb8 14. e5 dxe5
15. fxe5 Bc5 16. Qf4 b5 17. b4 Bxb4 18. exf6 Qxf4 19. Bxf4 Bxc3 20. Rxc3 gxf6
21. Bd6 Rg8 22. c5 Bc6 23. g3 Ra8 24. Re3 Rg5 25. Rf1 Bd5 26. a3 f5 27. h4 f4
28. Rxf4 Rg7 29. Rd4 Kd7 30. Rxd5 exd5 31. Re7+ Kd8 32. Kf2 1-0

[Event "XXI Autunno Scacchitico Veneziano Magistrale"]
[Site "Venezia ITA"]
[Date "2014.10.31"]
[Round "1"]
[White "Omeri, Silvan"]
[Black "Lezzerini, Marco"]
[WhiteElo "2162"]
[BlackElo "1994"]
[Result "1/2-1/2"]
[PlyCount "136"]
[EventDate "2014.10.31"]

1. c4 Nf6 2. Nc3 g6 3. d4 Bg7 4. e4 d6 5. Bd3 e5 6. d5 O-O 7. Nge2 a5 8. Bg5 h6
9. Bd2 Na6 10. Ng3 Nc5 11. Be2 Bd7 12. h4 h5 13. Bg5 Qe8 14. Qd2 Kh7 15. O-O-O
Ng8 16. Kb1 f6 17. Be3 b6 18. Nb5 Bxb5 19. cxb5 Nh6 20. Qc2 Qd7 21. f3 f5 22.
Bxh6 Kxh6 23. exf5 gxf5 24. Qd2+ f4 25. Rc1 Bf6 26. Rxc5 bxc5 27. Bd3 Be7 28.
a4 Rf7 29. Bc2 Rg8 30. Ne4 Qd8 31. g3 Kg7 32. Qxa5 fxg3 33. Nxg3 Rxf3 34. Nxh5+
Kf8 35. Be4 Rf7 36. Qd2 Bf6 37. Qh6+ Bg7 38. Qe6 Qd7 39. Bh7 Rh8 40. Bg6 Qxe6
41. dxe6 Rf2 42. a5 d5 43. Rg1 Bf6 44. Rd1 e4 45. Rxd5 e3 46. Bd3 Rxh5 47. Rxh5
e2 48. Bxe2 Rxe2 49. Rxc5 Rxb2+ 50. Kc1 Ra2 51. Rxc7 Rxa5 52. b6 Bd4 53. b7 Ba7
54. Rc8+ Ke7 55. Ra8 Be3+ 56. Kc2 Rc5+ 57. Kd3 Bf4 58. Ke4 Bd6 59. Rh8 Rb5 60.
h5 Kxe6 61. Rh6+ Ke7 62. Rh7+ Ke6 63. h6 Rb4+ 64. Kd3 Be5 65. Kc2 Kf5 66. Re7
Kg6 67. Rxe5 Rxb7 68. Re6+ Kh5 1/2-1/2

[Event "XXI Autunno Scacchitico Veneziano Magistrale"]
[Site "Venezia ITA"]
[Date "2014.10.31"]
[Round "1"]
[White "Redo, Giorgio"]
[Black "Xia, Jie"]
[WhiteElo "2078"]
[BlackElo "2287"]
[Result "0-1"]
[PlyCount "78"]
[EventDate "2014.10.31"]

1. f4 c5 2. b3 Nf6 3. Bb2 g6 4. Bxf6 exf6 5. e4 Bg7 6. Nf3 f5 7. e5 d6 8. Bb5+
Bd7 9. Nc3 dxe5 10. fxe5 Nc6 11. Bxc6 Bxc6 12. O-O O-O 13. Qe2 Bxf3 14. Rxf3
Qd4+ 15. Kh1 Qxe5 16. Re3 Qd6 17. Nb5 Qc6 18. Re1 a6 19. Nc3 Rad8 20. a4 Bh6
21. Rd3 Rde8 22. Qf1 Rxe1 23. Qxe1 Re8 24. Qf1 Re5 25. h3 Qe6 26. Rd8+ Kg7 27.
Qf3 Re1+ 28. Kh2 Bg5 29. Rd3 h5 30. g3 h4 31. Kg2 hxg3 32. Kxg3 c4 33. bxc4 Qb6
34. Ne2 Qc7+ 35. Kg2 Qxc4 36. Nd4 Re4 37. c3 Bf6 38. Qg3 Bxd4 39. cxd4 f4 0-1

[Event "XXI Autunno Scacchitico Veneziano Magistrale"]
[Site "Venezia ITA"]
[Date "2014.10.31"]
[Round "1"]
[White "Sorbera, Giovanni"]
[Black "Balzan, Alessandro"]
[WhiteElo "2131"]
[BlackElo "1921"]
[Result "1-0"]
[PlyCount "45"]
[EventDate "2014.10.31"]

1. e4 c5 2. Nf3 e6 3. d4 cxd4 4. Nxd4 Nf6 5. Nc3 Nc6 6. Ndb5 d6 7. Bf4 e5 8.
Bg5 a6 9. Na3 b5 10. Nd5 Be7 11. Bxf6 gxf6 12. c3 f5 13. Bd3 Be6 14. Nc2 O-O
15. Nce3 f4 16. Nf5 Bf6 17. Qh5 Kh8 18. Qh6 Bxf5 19. exf5 Bg5 20. Qh5 Re8 21.
Be4 Bf6 22. Nxf6 Qxf6 23. Bxc6 1-0

[Event "XXI Autunno Scacchitico Veneziano Magistrale"]
[Site "Venezia ITA"]
[Date "2014.10.31"]
[Round "1"]
[White "Vianello, Enrico"]
[Black "Caprio, Guido"]
[WhiteElo "2112"]
[BlackElo "2412"]
[Result "0-1"]
[PlyCount "86"]
[EventDate "2014.10.31"]

1. Nf3 Nf6 2. c4 g6 3. Nc3 Bg7 4. e4 d6 5. d4 O-O 6. h3 Na6 7. Bg5 Qe8 8. g4 c6
9. Be2 Nc7 10. Qd2 b5 11. e5 b4 12. exf6 exf6 13. Bh6 bxc3 14. bxc3 Bxh6 15.
Qxh6 Ba6 16. Qe3 Qe6 17. Nd2 Rfe8 18. Qxe6 Nxe6 19. Kd1 c5 20. d5 Nf4 21. Bf3
Re5 22. Kc2 Rae8 23. Rab1 Kg7 24. Rb3 Bc8 25. Ra3 R8e7 26. Bd1 Re1 27. Rxe1
Rxe1 28. Rxa7 Nxh3 29. Rc7 Nxf2 30. Rxc8 Nxd1 31. a4 Ne3+ 32. Kb3 Nxg4 33. a5
Ra1 34. Ne4 Rxa5 35. Nxd6 h5 36. Ne8+ Kh6 37. d6 Ra7 38. Rc7 Ra8 39. d7 Rd8 40.
Nd6 Ne5 41. Nb7 Nxd7 42. Nxc5 Nxc5+ 43. Rxc5 h4 0-1